Երկեր : (Record no. 83222)
[ view plain ]
| 000 -LEADER | |
|---|---|
| fixed length control field | 01217nam a2200277 a 4500 |
| 001 - CONTROL NUMBER | |
| control field | 000235436 |
| 003 - CONTROL NUMBER IDENTIFIER | |
| control field | AM-YeHGA |
| 005 - DATE AND TIME OF LATEST TRANSACTION | |
| control field | 20250618071605.0 |
| 008 - FIXED-LENGTH DATA ELEMENTS--GENERAL INFORMATION | |
| fixed length control field | 030616s1995 ai |||||||||||||||0|arm|d |
| 020 ## - INTERNATIONAL STANDARD BOOK NUMBER | |
| International Standard Book Number | 5807705149 (Գ. 1) |
| 040 ## - CATALOGING SOURCE | |
| Original cataloging agency | AM-YeHGA |
| 041 0# - LANGUAGE CODE | |
| Language code of text/sound track or separate title | arm |
| 090 ## - LOCALLY ASSIGNED LC-TYPE CALL NUMBER (OCLC); LOCAL CALL NUMBER (RLIN) | |
| -- | 84496 |
| 100 1# - MAIN ENTRY--PERSONAL NAME | |
| Personal name | Կարապենց, Հակոբ, |
| Dates associated with a name | 1925-1994 |
| 9 (RLIN) | 3644 |
| 245 10 - TITLE STATEMENT | |
| Title | Երկեր : |
| Remainder of title | 2 գ. / |
| Statement of responsibility, etc. | Հ. Կարապենց ; Կազմ.՝ Ստ. Թոփչյան ; Առաջաբ.՝ Հր. Թամրազյան ; Խմբ.՝ Ց. Բեժանյան, Ե. Պետրոսյան ; Նկ.՝ Խ. Հակոբյան. |
| 260 ## - PUBLICATION, DISTRIBUTION, ETC. | |
| Place of publication, distribution, etc. | Երևան : |
| Name of publisher, distributor, etc. | Նաիրի, |
| Date of publication, distribution, etc. | 1995-. |
| 300 ## - PHYSICAL DESCRIPTION | |
| Extent | 2 գ. ; |
| Dimensions | 22 սմ. |
| 505 10 - FORMATTED CONTENTS NOTE | |
| Miscellaneous information | Գ. 1 (1995, 504 էջ : դիմանկ.) : |
| Title | Պատմվածքներ |
| 650 14 - SUBJECT ADDED ENTRY--TOPICAL TERM | |
| Topical term or geographic name entry element | Սփյուռքահայ գրականություն |
| 9 (RLIN) | 4906 |
| 700 1# - ADDED ENTRY--PERSONAL NAME | |
| Personal name | Թոփչյան, Ստեփան Էդուարդի, |
| Dates associated with a name | 1937-2021 |
| Relator term | կազմ. |
| Relationship | com |
| 9 (RLIN) | 1095 |
| 700 1# - ADDED ENTRY--PERSONAL NAME | |
| Personal name | Թամրազյան, Հրանտ Սմբատի, |
| Dates associated with a name | 1926-2001 |
| Relator term | առաջաբ. |
| Relationship | aui |
| 9 (RLIN) | 1136 |
| 700 1# - ADDED ENTRY--PERSONAL NAME | |
| Personal name | Բեժանյան, Ց. |
| Relator term | խմբ. |
| Relationship | edt |
| 700 1# - ADDED ENTRY--PERSONAL NAME | |
| Personal name | Պետրոսյան, Ե. |
| Relator term | խմբ. |
| Relationship | edt |
| 700 1# - ADDED ENTRY--PERSONAL NAME | |
| Personal name | Հակոբյան, Խորեն Զավենի, |
| Dates associated with a name | 1945- |
| Relator term | նկ. |
| Relationship | art |
| 9 (RLIN) | 3428 |
| 942 ## - ADDED ENTRY ELEMENTS (KOHA) | |
| Source of classification or shelving scheme | Universal Decimal Classification |
| Koha item type | Գրքեր / Books |
| Withdrawn status | Lost status | Source of classification or shelving scheme | Damaged status | Not for loan | Collection | Home library | Current library | Date acquired | Serial enumeration / chronology | Total checkouts | Full call number | Barcode | Date last seen | Price effective from | Koha item type | Public note |
|---|---|---|---|---|---|---|---|---|---|---|---|---|---|---|---|---|
| Universal Decimal Classification | General | Fundamental Scientific Library | Fundamental Scientific Library | 22/12/2016 | Գ. 1 | AII/83741 | 220083741 | 22/12/2016 | 22/12/2016 | Գրքեր / Books | 30 Days Loan | |||||
| Universal Decimal Classification | General | Fundamental Scientific Library | Fundamental Scientific Library | 22/12/2016 | Գ. 1 | AII/83742 | 220083742 | 22/12/2016 | 22/12/2016 | Գրքեր / Books | 30 Days Loan |
ՀՀ Գիտությունների ազգային ակադեմիայի հիմնարար գիտական գրադարան = Fundamental Scientific Library of NAS RA
All site content, except where otherwise noted, is licensed under a